000 00775nam a2200217Ia 4500
999 _c53245
_d53245
001 20286
003 GE_BSU
005 20200821214207.0
008 181216s1969||||ge |||||||||||||| ||geo||
040 _cGE_BSU
041 _ageo
080 _a811.353.1 ძ-63
100 _aძიძიგური, შოთა
_99275
245 _aქართული ენის თავგადასავალი /
_cშოთა ძიძიგური.
264 _aთბილისი :
_bნაკადული,
_c1969.
300 _a126გვ. :
_b10 ფ. პორტრ. ;
_c19სმ.
541 _h84თ.
653 _aქართული ენა
653 _aქართული ენის თავგადასავალი
942 _cBK
_2udc